|
|
|
|
| LEADER |
00000naa2a2200000 4500 |
| 001 |
152219 |
| 005 |
20240610154922.0 |
| 035 |
|
|
|a (RuTPU)RU\TPU\book\165044
|
| 035 |
|
|
|a RU\TPU\tpu\14644
|
| 090 |
|
|
|a 152219
|
| 100 |
|
|
|a 20090129d1971 k y0rusy50 ca
|
| 101 |
0 |
|
|a rus
|
| 102 |
|
|
|a RU
|
| 200 |
1 |
|
|a Изменчивость инженерно-геологическмх свойств глинистых пород четвертичного возраста в связи с процессами их литогенеза
|f Г. А. Сулакшина
|
| 320 |
|
|
|a Библиогр.: 9 назв.
|
| 463 |
|
1 |
|0 140593
|t Инженерно-геологические свойства глинистых пород и процессы в них
|o труды Международного симпозиума, 14-24 сентября 1971 г.
|d 1972
|p 202 с.
|9 140593
|a Академия наук СССР (АН СССР), Научный совет по инженерной геологии и грунтоведению
|c Москва
|h Вып. 1
|n Изд-во Московского ун-та
|v С. 174-182
|
| 610 |
1 |
|
|a труды учёных ТПУ
|
| 700 |
|
1 |
|a Сулакшина
|b Г. А.
|c российский ученый
|c профессор кафедры гидрогеологии ТПИ
|f 1923-1996
|g Галина Алексеевна
|3 (RuTPU)RU\TPU\pers\19872
|
| 801 |
|
1 |
|a RU
|b 63413507
|c 20080906
|g PSBO
|
| 801 |
|
2 |
|a RU
|b 63413507
|c 20091030
|g PSBO
|
| 942 |
|
|
|c BK
|